000 00908nam a2200289 i 4500
001 190642
003 ES-MaACL
005 20240125134409.0
008 220228s2015 sp 001 f spa
020 _a978-84-15497-73-8
080 _a821.131.1-31"19"
100 1 _aLeoni, Giulio.
_9174246
245 1 3 _aEl testamento del papa /
_cGiulio Leoni ; [traducción, Miguel Ros González].
250 _a1ª ed.
260 _aSevilla :
_bBóveda,
_c2015.
300 _a454 p. ;
_c23 cm.
490 1 _aNovela
594 _aTítulo original: Il testamento del papa
700 1 _aRos González, Miguel.
_9174247
830 1 _aNovela
_9179893
852 4 _aES-MaACL
_jA-14905
_9197821
_bR.152288
_cDEPO1
_dOlim: N-7905
_hDonación: José Lázaro
903 _9234219
_aLázaro García, José
942 _2udc
_cMONOGRAFIA
999 _c190642
_d190642